Shakespeare and the common understanding (Record no. 188403)

MARC details
000 -LEADER
fixed length control field 00393nam a2200157Ia 4500
008 - FIXED-LENGTH DATA ELEMENTS--GENERAL INFORMATION
fixed length control field 230917s9999||||xx |||||||||||||| ||und||
020 ## - ISBN
Price USD2.95
040 ## - CATALOGING SOURCE
-- 46846
Original cataloging agency VIVEKANANDA LIBRARY
041 ## - Language
-- English
082 ## - DDC NUMBER
Classification number 822.33 S15R:S
100 ## - MAIN ENTRY--PERSONAL NAME
Personal name Rabkin, Norman
245 #0 - TITLE STATEMENT
Title Shakespeare and the common understanding
260 ## - PUBLICATION, DISTRIBUTION, ETC. (IMPRINT)
Place of publication, distribution, etc New York
Name of publisher, distributor, etc Free Press
Date of publication, distribution, etc 1968
300 ## - PHYSICAL DESCRIPTION
Pages ix, 267 p.
942 ## - ADDED ENTRY ELEMENTS (KOHA)
Koha item type Books
Holdings
Withdrawn status Lost status Damaged status Not for loan Location (home branch) Sublocation or collection (holding branch) Date acquired Koha issues (times borrowed) Koha full call number Accession No. Koha date last seen Koha item type
        VIVEKANANDA LIBRARY VIVEKANANDA LIBRARY 28/11/2002   822.33 S15R:S 44676 17/09/2023 Books
© Designed and Maintained by Vivekananda Library, MDU Rohtak